000 00681nam a2200253Ia 4500
001 12325
003 GBCCL
005 20241126110411.0
008 800710s1980 mnua 00010 eng d
010 _a 76062694
020 _a0871230216
035 _aOCM06504161
040 _aLLU
_cLLU
_dm.c.
_dLBB
049 _aLBBK
082 _a266.00954
_bWEA
090 _aBV3290.C3
_bW42 1980
092 _a266.00954
_bW361
100 1 0 _aWead, Doug.
_93891
245 1 4 _aThe compassionate touch /
_cDouglas Wead.
260 0 _aMinneapolis, Minn. :
_bBethany Fellowship,
_cc1980.
300 _a189 p. :
_bill. ;
_c18 cm.
650 0 _aMissions
_zIndia
_zCalcutta.
_93892
942 _2ddc
_cBK
999 _c1866
_d1866